000 00708nam a22002297a 4500
005 20170124110247.0
010 _aB-041311
020 _c595.00
_a8120317920
035 _aB-041311
037 _bCen Lib/Ret
040 _aDPL
_bEN
082 _a005.754
_bDEP
110 _aMicrosoft corporation
_997746
245 _aDeplying microsoft SQL server 7.0 :
_bnotes from the field /
260 _aNew Delhi
_bPrentice Hall Of India
_c2001
270 _bNew Delhi
_aM-97, Connaught Circus
_e110001
300 _axxii,570p.
_c23cm(Hb)
500 _aincludes index
650 _aComputer science
_997747
650 _aComputer science -- DBMS
_997748
942 _2ddc
_cEN
_h005.754
_mDEP
999 _c135585
_d135585